Revisión de la historia colonial de España / (Record no. 180773)

MARC details
000 -LEADER
campo de control de longitud fija 00887nab a2200229 i 4500
001 - NÚMERO DE CONTROL
campo de control 180773
003 - IDENTIFICADOR DE NÚMERO DE CONTROL
campo de control ES-MaACL
005 - FECHA Y HORA DE LA ÚLTIMA TRANSACCIÓN
campo de control 20250827225314.0
008 - DATOS DE LONGITUD FIJA--INFORMACIÓN GENERAL
campo de control de longitud fija 120711s1913 sp 000 s spa d
100 1# - ENTRADA PRINCIPAL--NOMBRE DE PERSONA
Nombre de persona Gay, Vicente,
Fechas asociadas al nombre 1876-1949
Término indicativo de función/relación Autor
9 (RLIN) 56113
245 10 - MENCIÓN DEL TÍTULO
Título Revisión de la historia colonial de España /
Mención de responsabilidad, etc. por Vicente Gay ; [discurso ... de Amalio Gimeno]
300 ## - DESCRIPCIÓN FÍSICA
Extensión Páginas 1-24
594 ## - Nota al título y mención de responsabilidad
Nota al título y mención de responsabilidad Precede al título: Conferencias organizadas por la Liga Cervantina
599 ## - NOTA A LAS ILUSTRACIONES
NOTA A LAS ILUSTRACIONES Retrato de los autores en portada
651 #4 - PUNTO DE ACCESO ADICIONAL DE MATERIA--NOMBRE GEOGRÁFICO
Nombre geográfico España-
Subdivisión general Colonias-
Subdivisión de forma Historia
9 (RLIN) 8175
655 #0 - TERMINO DE INDIZACIÓN--GENERO/FORMA
Datos o término principal de género/forma Conferencias
9 (RLIN) 234444
700 1# - ENTRADA AGREGADA--NOMBRE PERSONAL
Nombre de persona Gimeno, Amalio,
Fechas asociadas al nombre 1850-1936
Término indicativo de función/relación Autor
9 (RLIN) 57076
710 2# - ENTRADA AGREGADA--NOMBRE DE ENTIDAD CORPORATIVA
Nombre de entidad corporativa o nombre de jurisdicción como elemento de entrada Liga Cervantina
Término indicativo de función/relación entidad responsable
9 (RLIN) 226913
773 0# - ASIENTO DE ITEM FUENTE
Título 'La Palabra : revista taquigráfica',
Número Internacional Normalizado para Publicaciones Seriadas ISSN 2479-7723
Parte(s) relacionada(s) N. 7 (1 abril 1913), p. 1-24
Número bibliográfico anfitrión 2879
Número de ítem anfitrión 2987
Número de control del registro 2879
942 ## - ELEMENTOS DE ENTRADA SECUNDARIOS (KOHA)
Tipo de ítem Koha Artículo de revista
Fuente del sistema de clasificación o colocación Clasificación decimal universal
Suprimir en OPAC No

No items available.